Catalog

Record Details

Catalog Search



Somewhere between bitter and sweet / by Laekan Zea ... Read More

Kemp, Laekan Zea,(author.).

Available copies

  • 1 of 1 copy available at LARL/NWRL Consortium.
  • 1 of 1 copy available at Lake Agassiz Regional Library. (Show preferred library)

Current holds

0 current holds with 1 total copy.

Show All Copies
Location Call Number / Copy Notes Barcode Shelving Location Status Due Date
Moorhead Public Library Y KEM (Text) 33500013379847 Main Available -

Record details

  • ISBN: 9780316460279
  • ISBN: 0316460273
  • Physical Description: pages cm
  • Publisher: New York : Little, Brown and Company, 2021.

Content descriptions

Summary, etc.:
Told in two voices, Pen, whose dream of taking ... Read More
Target Audience Note:
Ages 12+. Little, Brown and Company.
Subject: Restaurants > Fiction.
Cooking, Mexican > Fiction.
Fathers > Fiction.
Family life > Fiction.
Illegal aliens > Fiction.
Mexican Americans > Fiction.
LDR 01496cam a22004338i 4500
001360898
003LARL_NWRL_CONSORTIUM
00520210301123305.0
008200312s2021 nyu d 000 1 eng
010 . ‡a 2020012182
040 . ‡aDLC ‡beng ‡erda ‡cDLC ‡dBDX ‡dYDX
020 . ‡a9780316460279 ‡q(hardcover)
020 . ‡a0316460273
020 . ‡z9780316460316 ‡q(ebook)
020 . ‡z9780316460323 ‡q(ebook other)
035 . ‡a(OCoLC)1145083712
042 . ‡apcc ‡alcac
08200. ‡a[Fic] ‡223
1001 . ‡aKemp, Laekan Zea, ‡eauthor.
24510. ‡aSomewhere between bitter and sweet / ‡cby Laekan Zea Kemp.
264 1. ‡aNew York : ‡bLittle, Brown and Company, ‡c2021.
300 . ‡apages cm
336 . ‡atext ‡btxt ‡2rdacontent
337 . ‡aunmediated ‡bn ‡2rdamedia
338 . ‡avolume ‡bnc ‡2rdacarrier
521 . ‡aAges 12+. ‡bLittle, Brown and Company.
520 . ‡aTold in two voices, Pen, whose dream of taking over her family's restaurant has been destroyed, and Xander, a new, undocumented, employee seeking his father, form a bond.
650 1. ‡aRestaurants ‡vFiction. ‡0(LARL_NWRL_CONSORTIUM)167006
650 1. ‡aCooking, Mexican ‡vFiction.
650 1. ‡aFathers ‡vFiction. ‡0(LARL_NWRL_CONSORTIUM)169375
650 1. ‡aFamily life ‡vFiction.
650 1. ‡aIllegal aliens ‡vFiction. ‡0(LARL_NWRL_CONSORTIUM)165205
650 1. ‡aMexican Americans ‡vFiction. ‡0(LARL_NWRL_CONSORTIUM)166010
905 . ‡uvanderl
901 . ‡a360898 ‡b ‡c360898 ‡tbiblio ‡soclc

Additional Resources